000 00580nam a2200169 a 4500
005 20140412111256.0
008 000824s19uu xx 00 eng d
020 _a1-895688-40-X
050 _aM 381.148
_bR56 1995
100 _aRipley, Catherine
245 _aDo the doors open by magic? :
_band other supermarket questions /
_cby Catherine Ripley ; illustrated by Scot Ritchie.
260 _aToronto, Ontario :
_bOwl Books,
_c1995.
300 _a1 v. (unp.) ; ill.
440 _aQuestions and Answer Storybook
650 _aSupermarkets
_xJuvenile literature
999 _c103241
_d103241